| 000 | 00700nam a2200229 a 4500 | ||
|---|---|---|---|
| 005 | 20200104041518.0 | ||
| 008 | 140225b1996 enk||||| |||| 00| 0 eng d | ||
| 040 |
_aCO-BoIAVH _cCO-BoIAVH |
||
| 041 | _aeng | ||
| 044 | _aenk | ||
| 090 |
_aLB _b01107 |
||
| 100 |
_aJackson, Peter Wyse _99121 |
||
| 245 |
_aPlant conservation in the Caribbean islands _bthe role of botanic gardens |
||
| 260 |
_aSurrey _bBotanic Garden Conservation International _c1996 |
||
| 300 | _a92 p. | ||
| 650 |
_aConservación de biodiversidad _9345 |
||
| 650 |
_aEducación ambiental _9162 |
||
| 650 |
_aJardines botánicos _944932 |
||
| 662 | _cIslas del Caribe | ||
| 700 |
_aWillison, Julia _910838 |
||
| 942 |
_cINFORME _2z |
||
| 999 |
_c1118 _d1118 |
||